Statistics for GAA All Ireland Football Winning Team 2002

Click here to take the quiz!

General Stats

  • This quiz has been taken 29 times
  • The average score is 13 of 31

Answer Stats

Position Player % Correct
ManagerJ. Kernan
96%
LHFO. McConville
92%
RFFS. McDonnell
84%
LFBF. Bellew
84%
CHBK. McGeeney
80%
CFFR. Clarke
76%
LFFD. Marsden
72%
GKB. Tierney
64%
MFP. McGrane
60%
RFBE. McNulty
56%
CFBJ. McNulty
56%
CHFJ. McEntee
56%
SUBT. McEntee
56%
SUBP. Hearty
48%
MFJ. Toal
44%
RHFP. McKeever
44%
RHBA. O'Rourke
40%
SUBC. O'Rourke
36%
LHBA. McCann
32%
SUBK. Hughes
16%
SUBC. O'Neill
16%
SUBG. Reid
16%
SUBB. Duffy
12%
SUBP. Duffy
12%
SUBJ. Donaldson
8%
SUBS. Smyth
4%
SUBK. McElvanna
4%
SUBP. McCormack
4%
SUBP. Loughran
4%
SUBB. O'Hagan
0%
SUBS. Maxwell
0%

Score Distribution

Percentile by Number Answered

Percent of People with Each Score

Your Score History

You have not taken this quiz